Arquitectura orgánica moderna : un nuevo camino para el diseño urbano /

La obra comienza planteando la importancia de una arquitectura en armonía con la naturaleza y detallando las fuentes de inspiración que están detrás de ella, para presentar después proyectos de treinta arquitectos o firmas que desarrollan trabajos de arquitectura orgánica.

Kaydedildi:
Detaylı Bibliyografya
Yazar: Pearson, David (autor)
Materyal Türü: Kitap
Dil:İspanyolca
Baskı/Yayın Bilgisi: Barcelona, España : Blume, 2002, c2002
Konular:
Etiketler: Etiketle
Etiket eklenmemiş, İlk siz ekleyin!

MARC

LEADER 00000nam^a2200000^a^4500
001 000182797
005 20250521000000.0
009 20260310102020.68
020 |a 84-95939-17-7 
037 |a Acervo ITESO - Biblioteca 
041 |a ESP 
082 |a 720. 47  |b PEA 
100 |a Pearson, David  |e (autor) 
245 1 0 |a Arquitectura orgánica moderna :  |b un nuevo camino para el diseño urbano /  |c D. Pearson ; tr. por Isabel Campos Adrados. 
264 4 |a Barcelona, España :  |b Blume,  |c 2002, c2002 
300 |a 223 p. 
336 |a texto  |b txt  |2 rdacontenido 
337 |a sin mediación  |b n  |2 rdamedio 
338 |a volumen  |b nc  |2 rdasoporte 
500 |a Traducción de: New Organic Architecture 
520 |a La obra comienza planteando la importancia de una arquitectura en armonía con la naturaleza y detallando las fuentes de inspiración que están detrás de ella, para presentar después proyectos de treinta arquitectos o firmas que desarrollan trabajos de arquitectura orgánica. 
649 |a XX 
650 |a Conservación y Protección Ambiental 
650 |a Desarrollo Sustentable 
650 |a Ecodiseño 
650 |a Diseño Arquitectónico 
650 |a Arquitectura Orgánica 
650 |a Ecología 
910 |a Fondo General 
920 |a Impresos - Libros 
930 |a Reserva Especial 
905 |a 103 
901 |a 0500122565  |b IT1  |c REE  |u 20250521 
902 |a https://opac.biblio.iteso.mx/vufind/Record/000182797